Which subdivision is bigger? - Statistics

General Stats
  • This quiz has been taken 12 times
  • The average score is 5 of 7
Answer Stats
Question Answer % Correct
Which is bigger? Muthanna
100%
Which is bigger? Xinjiang
100%
Which is bigger? Sistan and Baluchistan
89%
Which is bigger? California
78%
Which is bigger? Missouri
67%
Which is bigger? Ladakh
56%
Which is bigger? Homs
33%
No matching quizzes found
Score Distribution
Percent of People with Each Score
Percentile by Number Answered
Your Score History
You have not taken this quiz